Elementary number theory. (Record no. 7985)

MARC details
000 -LEADER
fixed length control field 00562nam a22001937a 4500
003 - CONTROL NUMBER IDENTIFIER
control field OSt
005 - DATE AND TIME OF LATEST TRANSACTION
control field 20220812142612.0
008 - FIXED-LENGTH DATA ELEMENTS--GENERAL INFORMATION
fixed length control field 220812b ||||| |||| 00| 0 eng d
020 ## - INTERNATIONAL STANDARD BOOK NUMBER
International Standard Book Number 9783540761976
040 ## - CATALOGING SOURCE
Transcribing agency DDC
082 ## - DEWEY DECIMAL CLASSIFICATION NUMBER
Classification number 512.72 TAT 1999
100 ## - MAIN ENTRY--PERSONAL NAME
Personal name Jones, Gareth A; J. Mary Jones
9 (RLIN) 16216
245 ## - TITLE STATEMENT
Title Elementary number theory.
260 ## - PUBLICATION, DISTRIBUTION, ETC. (IMPRINT)
Place of publication, distribution, etc. London ; New York :
Name of publisher, distributor, etc. Springer,
Date of publication, distribution, etc. c1999
300 ## - PHYSICAL DESCRIPTION
Extent xiv, 301 p. :
Other physical details ill. ;
Dimensions 24 cm
504 ## - BIBLIOGRAPHY, ETC. NOTE
Bibliography, etc Includes bibliographical references and indexes
650 ## - SUBJECT ADDED ENTRY--TOPICAL TERM
Topical term or geographic name as entry element Number theory.
9 (RLIN) 15916
942 ## - ADDED ENTRY ELEMENTS (KOHA)
Source of classification or shelving scheme Dewey Decimal Classification
Koha item type Book
Holdings
Withdrawn status Lost status Source of classification or shelving scheme Damaged status Not for loan Home library Current library Date acquired Source of acquisition Inventory number Total Checkouts Full call number Barcode Date last seen Price effective from Koha item type
    Dewey Decimal Classification     MUST Main Library MUST Main Library 12/08/2022 Purchase 22/41993   512.72 TAT 1999 2022-7900 12/08/2022 12/08/2022 Book
    Dewey Decimal Classification     MUST Main Library MUST Main Library 12/08/2022 Purchase 22/41892   512.72 TAT 1999 2022-7901 12/08/2022 12/08/2022 Book